000 00599nam a2200181 i 4500
001 165952
003 ES-MaACL
005 20230906213232.0
008 171226s1968 ci a |||| | cro d
100 1 _aMaixner, Rudolf.
_9163977
245 1 0 _aDictionnaire de poche français-croatoserbe
_b= Francusko-hrvatskosrpski dzepni rjecnik.
250 _a11e. ed.
260 _aZagreb :
_b[s.n.],
_c1968.
300 _a810 p. ;
_c14 cm.
650 4 _aLengua francesa-
_vDiccionarios-
_xSerbocroata.
_9163978
650 4 _aLengua serbocroata-
_vDiccionarios-
_xFrancés.
_9163979
852 _aES-MaACL
_jF-955
999 _c165952
_d165952